[Event "Bundesliga 0001"]
[Site "Germany"]
[Date "2001.03.10"]
[Round "10.7"]
[White "Proehl, Holger"]
[Black "Blecken, Volker"]
[Result "1-0"]
[WhiteElo "2386"]
[BlackElo "2275"]
[PlyCount "67"]
[EventDate "2000.10.14"]
[EventType "team-tourn"]
[EventRounds "15"]
[EventCountry "GER"]
[SourceTitle "CBM 082 Extra"]
[Source "ChessBase"]
[SourceDate "2001.07.03"]
[SourceVersion "1"]
[SourceVersionDate "2001.07.03"]
[SourceQuality "1"]
[WhiteTeam "Magdeburg USC"]
[BlackTeam "Wattenscheid"]
[WhiteTeamCountry "GER"]
[BlackTeamCountry "GER"]

1. e4 g6 2. d4 Bg7 3. Nf3 d6 4. c3 Nf6 5. Bd3 0-0 6. 0-0 Nc6 7. h3 e5 8. Re1 Nd7 9. Bf1 Qe8 10. Na3 a6 11. Nc2 Kh8 12. dxe5 dxe5 13. Ne3 b6 14. b3 Bb7 15. Nd5 Rc8 16. Ba3 Rg8 17. Qc2 Bf8 18. Bb2 Nd8 19. Rad1 Bg7 20. a4 Ne6 21. Ne3 Ndc5 22. Nd5 f6 23. a5 bxa5 24. Bc4 Nd7 25. Qe2 c6 26. Ne3 Ndc5 27. Qc2 Bf8 28. b4 axb4 29. cxb4 Nd7 30. Qb3 Nec5 31. bxc5 Nxc5 32. Qa2 Rg7 33. Ng4 Be7 34. Nh6 1-0

[Event "Bundesliga 0001"]
[Site "Germany"]
[Date "2001.02.17"]
[Round "8.7"]
[White "Blecken, Volker"]
[Black "Graf, Alexander"]
[Result "0-1"]
[WhiteElo "2275"]
[BlackElo "2642"]
[PlyCount "62"]
[EventDate "2000.10.14"]
[EventType "team-tourn"]
[EventRounds "15"]
[EventCountry "GER"]
[SourceTitle "CBM 082 Extra"]
[Source "ChessBase"]
[SourceDate "2001.07.03"]
[SourceVersion "1"]
[SourceVersionDate "2001.07.03"]
[SourceQuality "1"]
[WhiteTeam "Wattenscheid"]
[BlackTeam "Koeln Porz"]
[WhiteTeamCountry "GER"]
[BlackTeamCountry "GER"]

1. d4 g6 2. Nf3 Bg7 3. c4 d6 4. Nc3 Nc6 5. e3 e5 6. Be2 Nh6 7. d5 Ne7 8. e4 0-0 9. h4 f5 10. h5 f4 11. Ng5 Bf6 12. Ne6 Bxe6 13. hxg6 Bd7 14. Rxh6 hxg6 15. Bd2 Kg7 16. Rh2 Rh8 17. Rxh8 Qxh8 18. Bf3 g5 19. Be2 g4 20. Bf1 Qh1 21. Qe2 Ng6 22. 0-0-0 a6 23. Qd3 Qg1 24. f3 g3 25. Kb1 Rh8 26. b4 Qb6 27. a3 Rh2 28. Qc2 Qf2 29. c5 dxc5 30. Na4 Bxa4 31. Qxa4 Rh1 0-1

[Event "Ruhrgebiet Regionalliga 0001"]
[Site "Ruhrgebiet"]
[Date "2000.11.19"]
[Round "3"]
[White "Blecken, Volker"]
[Black "Duengen, Wolfgang"]
[Result "1-0"]
[WhiteElo "2240"]
[BlackElo "2081"]
[PlyCount "80"]
[EventDate "2000.09.17"]
[EventType "team-tourn"]
[EventRounds "11"]
[EventCountry "GER"]
[SourceTitle "EXT 2024"]
[Source "ChessBase"]
[SourceDate "2023.10.10"]
[SourceVersion "1"]
[SourceVersionDate "2023.10.10"]
[SourceQuality "1"]
[WhiteTeam "Wattenscheid SV II"]
[BlackTeam "Dortmund Hansa II"]
[WhiteTeamCountry "GER"]
[BlackTeamCountry "GER"]

1. c4 e6 2. Nf3 d5 3. g3 Nf6 4. Bg2 Be7 5. 0-0 0-0 6. d4 c6 7. b3 Ne4 8. Nfd2 f5 9. Bb2 Nd7 10. f3 Nxd2 11. Nxd2 Bf6 12. Qc2 e5 13. cxd5 cxd5 14. Qxf5 Nb6 15. Qd3 exd4 16. Bxd4 Bf5 17. Bxf6 Rxf6 18. Qd4 Rd6 19. Rac1 Qe7 20. Rfe1 Rad8 21. a4 Re6 22. a5 Nc8 23. e3 Rc6 24. b4 Be6 25. Bf1 Rxc1 26. Rxc1 a6 27. Nb3 Nd6 28. Qe5 Nf7 29. Qf4 Ng5 30. h4 Nf7 31. Rc7 Rd7 32. Rxd7 Bxd7 33. Kf2 Ne5 34. Nc5 Bc6 35. Qf5 Nc4 36. Qg5 Qe8 37. e4 Ne5 38. exd5 h6 39. Qf5 Bb5 40. Bxb5 axb5 1-0

[Event "Ruhrgebiet VL,VK 9900 Relegation4"]
[Site "Ruhrgebiet"]
[Date "2000.06.04"]
[Round "2"]
[White "Himmel, Hansjoerg"]
[Black "Blecken, Volker"]
[Result "1/2-1/2"]
[WhiteElo "2184"]
[BlackElo "2292"]
[PlyCount "98"]
[EventDate "2000.??.??"]
[EventType "team-tourn"]
[EventRounds "3"]
[EventCountry "GER"]
[SourceTitle "EXT 2024"]
[Source "ChessBase"]
[SourceDate "2023.10.10"]
[SourceVersion "1"]
[SourceVersionDate "2023.10.10"]
[SourceQuality "1"]
[WhiteTeam "Dortmund Hansa"]
[BlackTeam "Wattenscheid SV II"]
[WhiteTeamCountry "GER"]
[BlackTeamCountry "GER"]

1. e4 c6 2. c4 e5 3. Nf3 d6 4. d4 Nd7 5. Nc3 Ngf6 6. g3 Qc7 7. Bg2 g6 8. 0-0 Bg7 9. h3 0-0 10. Re1 a6 11. Be3 b5 12. c5 dxc5 13. dxe5 Ne8 14. e6 fxe6 15. Ng5 Rf6 16. e5 Nxe5 17. Nce4 Nc4 18. Nxf6+ Bxf6 19. Bf4 e5 20. Bc1 Bf5 21. Ne4 Rd8 22. Qe2 Be7 23. b3 Nb6 24. Be3 Bxe4 25. Bxe4 Nf6 26. Bg2 Nfd5 27. Bh6 Bf6 28. Rac1 c4 29. bxc4 Nxc4 30. h4 Qf7 31. Bh3 Re8 32. Rxc4 bxc4 33. Qxc4 Qb7 34. Rc1 Bg7 35. Bxg7 Kxg7 36. Qxc6 Qxc6 37. Rxc6 Nb4 38. Rc7+ Kh8 39. a3 Nd3 40. Bf1 e4 41. f3 Nb2 42. Bxa6 Re5 43. fxe4 Rxe4 44. Rc3 Kg7 45. Kg2 Nd1 46. Rb3 Re6 47. Bb5 Ne3+ 48. Kh3 g5 49. hxg5 Kg6 1/2-1/2

[Event "Dortmund op-A"]
[Site "Dortmund"]
[Date "1999.07.17"]
[Round "9"]
[White "Blecken, Volker"]
[Black "Hilmer, Frank"]
[Result "1/2-1/2"]
[WhiteElo "2232"]
[BlackElo "2203"]
[PlyCount "69"]
[EventDate "1999.07.??"]
[EventType "swiss"]
[EventRounds "10"]
[EventCountry "GER"]
[SourceTitle "EXT 2002"]
[Source "ChessBase"]
[SourceDate "2001.11.25"]
[SourceVersion "1"]
[SourceVersionDate "2001.11.25"]
[SourceQuality "1"]

1. d4 e6 2. Nf3 Nf6 3. c4 Bb4+ 4. Bd2 Qe7 5. g3 Nc6 6. Bg2 Bxd2+ 7. Nbxd2 d6 8. 0-0 a5 9. Rc1 e5 10. d5 Nb8 11. c5 0-0 12. Nc4 Nbd7 13. cxd6 cxd6 14. Nh4 Nc5 15. Qc2 g6 16. Nxd6 Qxd6 17. Qxc5 Qxc5 18. Rxc5 e4 19. d6 Rd8 20. Rd1 Be6 21. a3 Ra6 22. f3 Raxd6 23. Rxd6 Rxd6 24. Rxa5 e3 25. Bf1 Rd1 26. Ng2 Nd5 27. Rb5 b6 28. g4 g5 29. h3 h6 30. Rb3 Nf4 31. Rxe3 Nxh3+ 32. Kh2 Nf4 33. Kg1 Nh3+ 34. Kh2 Nf4 35. Kg1 1/2-1/2

[Event "Dortmund op-A"]
[Site "Dortmund"]
[Date "1999.07.15"]
[Round "7"]
[White "Blecken, Volker"]
[Black "Rigo, Janos"]
[Result "0-1"]
[WhiteElo "2232"]
[BlackElo "2347"]
[PlyCount "80"]
[EventDate "1999.07.??"]
[EventType "swiss"]
[EventRounds "10"]
[EventCountry "GER"]
[SourceTitle "EXT 2002"]
[Source "ChessBase"]
[SourceDate "2001.11.25"]
[SourceVersion "1"]
[SourceVersionDate "2001.11.25"]
[SourceQuality "1"]

1. d4 e6 2. Nf3 d5 3. c4 c6 4. e3 Nf6 5. Nc3 Bd6 6. Bd3 Nbd7 7. 0-0 0-0 8. e4 dxc4 9. Bxc4 e5 10. Bg5 b5 11. Bb3 b4 12. Na4 h6 13. Bh4 Ba6 14. Re1 Rc8 15. Rc1 Re8 16. Bg3 Bb5 17. Nh4 Bf8 18. h3 exd4 19. e5 d3 20. exf6 Rxe1+ 21. Qxe1 Nxf6 22. Qe5 Qd7 23. Nf3 c5 24. Rxc5 Bxc5 25. Nxc5 Qc6 26. Ne6 Re8 27. Nfd4 Qc1+ 28. Kh2 Bd7 29. Bf4 d2 30. Nf3 d1Q 31. Bxd1 Qxd1 32. Qd4 Qxd4 33. Nexd4 Nd5 34. Bd6 a5 35. Ne5 Rb8 36. Nc4 a4 37. a3 b3 38. f4 f6 39. f5 Rc8 40. Na5 Rc2 0-1

[Event "Dortmund op-A"]
[Site "Dortmund"]
[Date "1999.07.10"]
[Round "2"]
[White "Hartung, Thomas"]
[Black "Blecken, Volker"]
[Result "0-1"]
[WhiteElo "2044"]
[BlackElo "2232"]
[PlyCount "42"]
[EventDate "1999.07.??"]
[EventType "swiss"]
[EventRounds "10"]
[EventCountry "GER"]
[SourceTitle "EXT 2002"]
[Source "ChessBase"]
[SourceDate "2001.11.25"]
[SourceVersion "1"]
[SourceVersionDate "2001.11.25"]
[SourceQuality "1"]

1. e4 c6 2. d4 d5 3. exd5 cxd5 4. c4 Nf6 5. Nc3 Nc6 6. Nf3 Be6 7. Bg5 g6 8. Bxf6 exf6 9. c5 Bg7 10. Bb5 0-0 11. 0-0 Bg4 12. Be2 f5 13. h3 Bxf3 14. Bxf3 Bxd4 15. Nxd5 Bxc5 16. Rc1 Bd6 17. Ne3 Ne5 18. Bxb7 Rb8 19. Bd5 Rxb2 20. Qd4 Rb5 21. Qxa7 f4 0-1

[Event "Ruhrgebiet VL2 9899"]
[Site "Ruhrgebiet"]
[Date "1999.05.09"]
[Round "9"]
[White "Van Laatum, Gozewijn"]
[Black "Blecken, Volker"]
[Result "1/2-1/2"]
[WhiteElo "2355"]
[BlackElo "2232"]
[PlyCount "64"]
[EventDate "1998.??.??"]
[EventType "team"]
[EventRounds "9"]
[EventCountry "GER"]
[SourceTitle "EXT 2002"]
[Source "ChessBase"]
[SourceDate "2001.11.25"]
[SourceVersion "1"]
[SourceVersionDate "2001.11.25"]
[SourceQuality "1"]

1. d4 d5 2. c4 c6 3. Nf3 Nf6 4. Nc3 a6 5. e3 e6 6. Bd3 b5 7. cxd5 cxd5 8. Bd2 Bb7 9. Ne2 Nc6 10. a4 b4 11. a5 Nxa5 12. Qa4+ Nc6 13. Ne5 Qb6 14. 0-0 Bd6 15. Nxc6 Qxc6 16. Qa5 0-0 17. Bxb4 Ne4 18. f3 Bxb4 19. Qxb4 Nd6 20. Rfc1 Qd7 21. Nc3 Rfb8 22. Na4 a5 23. Qd2 Qd8 24. Nc5 Bc8 25. Ra2 Bd7 26. Rca1 Be8 27. b3 Nb7 28. b4 axb4 29. Qxb4 Rxa2 30. Rxa2 Nxc5 31. Qxc5 Rc8 32. Qa3 g6 1/2-1/2

[Event "Ruhrgebiet VL2 9899"]
[Site "Ruhrgebiet"]
[Date "1999.??.??"]
[Round "?"]
[White "Barthel, Ansgar"]
[Black "Blecken, Volker"]
[Result "0-1"]
[WhiteElo "2216"]
[BlackElo "2232"]
[PlyCount "80"]
[EventDate "1998.??.??"]
[EventType "team"]
[EventRounds "9"]
[EventCountry "GER"]
[SourceTitle "EXT 2002"]
[Source "ChessBase"]
[SourceDate "2001.11.25"]
[SourceVersion "1"]
[SourceVersionDate "2001.11.25"]
[SourceQuality "1"]

1. e4 c6 2. d4 d5 3. Nc3 dxe4 4. Nxe4 Nd7 5. Bc4 Ngf6 6. Ng5 e6 7. Qe2 Nb6 8. Bd3 h6 9. N5f3 c5 10. dxc5 Bxc5 11. Ne5 Nbd7 12. Ngf3 Nxe5 13. Nxe5 Qc7 14. Bf4 Bb4+ 15. Kf1 Bd6 16. Bb5+ Ke7 17. Rd1 Rd8 18. Rxd6 Rxd6 19. Nc4 Rd1+ 20. Qxd1 Qxf4 21. g3 Qc7 22. Qd4 Bd7 23. Bxd7 Rd8 24. Ne3 Rxd7 25. Qb4+ Ke8 26. Qb5 a6 27. Qe2 Ne4 28. f3 Rd2 29. Qe1 Rf2+ 30. Qxf2 Nxf2 31. Kxf2 Qa5 32. Rd1 Qxa2 33. b3 Ke7 34. Rd2 b5 35. b4 Qb2 36. Re2 Kf8 37. c4 Qxb4 38. cxb5 Qxb5 39. Ng4 a5 40. Ne5 a4 0-1

[Event "Pardubice Czech op"]
[Site "Pardubice"]
[Date "1998.??.??"]
[Round "6"]
[White "Blecken, Volker"]
[Black "Peschel, Andreas"]
[Result "0-1"]
[WhiteElo "2240"]
[BlackElo "2175"]
[PlyCount "102"]
[EventDate "1998.07.??"]
[EventType "swiss"]
[EventRounds "9"]
[EventCountry "CZE"]
[SourceTitle "EXT 2000"]
[Source "ChessBase"]
[SourceDate "1999.11.16"]
[SourceVersion "1"]
[SourceVersionDate "1999.11.16"]
[SourceQuality "1"]

1. d4 d5 2. Nf3 c6 3. c4 e6 4. Nc3 Nf6 5. e3 Nbd7 6. Qc2 Bd6 7. Be2 0-0 8. 0-0 e5 9. cxd5 cxd5 10. dxe5 Nxe5 11. Rd1 Nxf3+ 12. Bxf3 Qc7 13. h3 Bh2+ 14. Kh1 Be5 15. Bd2 Be6 16. Rac1 Rfd8 17. Qa4 Qd7 18. Qh4 Rac8 19. Qg5 Bb8 20. Ne2 Ne4 21. Bxe4 dxe4 22. Nc3 h6 23. Qh4 f5 24. f3 Qc7 25. f4 Qb6 26. b3 Rd3 27. Qe1 Qd8 28. Ne2 Rxc1 29. Nxc1 Rd7 30. Ne2 Bc7 31. Nd4 Qe8 32. Ba5 Bb8 33. Rc1 Rxd4 34. exd4 Bxf4 35. Bd2 Bb8 36. Qh4 Qd7 37. Be3 Qd6 38. Bg1 e3 39. Qh5 f4 40. d5 Bd7 41. Qf3 Qa3 42. Qd1 Qxa2 43. d6 Qa6 44. Qd5+ Kh8 45. Bh2 Qxd6 46. Qxb7 e2 47. Bg1 Bf5 48. Qf3 Qd2 49. Ra1 e1Q 50. Rxe1 Qxe1 51. Qa8 Qe5 0-1

[Event "Wichern op 3rd"]
[Site "Hamburg"]
[Date "1995.??.??"]
[Round "1"]
[White "Murdzia, Piotr"]
[Black "Blecken, Volker"]
[Result "1/2-1/2"]
[WhiteElo "2425"]
[BlackElo "2210"]
[PlyCount "102"]
[EventDate "1995.09.??"]
[EventType "swiss"]
[EventRounds "9"]
[EventCountry "GER"]
[SourceTitle "EXT 1997"]
[Source "ChessBase"]
[SourceDate "1996.11.15"]
[SourceVersion "1"]
[SourceVersionDate "1996.11.15"]
[SourceQuality "1"]

1. d4 Nf6 2. Nf3 g6 3. c4 Bg7 4. Nc3 0-0 5. e4 d6 6. h3 c6 7. Be2 a6 8. Bg5 b5 9. cxb5 axb5 10. a3 Na6 11. 0-0 Nc7 12. Re1 Bb7 13. Qc2 h6 14. Be3 Qb8 15. Nd2 Nd7 16. Nb3 Nb6 17. Na2 Rc8 18. Nb4 Ne8 19. Rac1 Nf6 20. e5 Nfd5 21. e6 f5 22. Bd2 Ra4 23. Nxd5 Nxd5 24. Bf3 Qa7 25. h4 h5 26. Bg5 Rc4 27. Qd2 Qa4 28. Rxc4 bxc4 29. Nc1 Nf6 30. Bxf6 exf6 31. d5 cxd5 32. Bxd5 Bc6 33. Ne2 Be8 34. Nc3 Qb3 35. Qe2 Kh7 36. Rd1 Bh6 37. g3 f4 38. Ne4 fxg3 39. Nxg3 Bf4 40. Qf3 Qxf3 41. Bxf3 f5 42. Ne2 Be5 43. Nc3 Kg7 44. a4 Rc5 45. Rd5 Bxc3 46. bxc3 Rxd5 47. Bxd5 Bxa4 48. f4 Bb5 49. Kf2 Kf6 50. Ke3 Ba6 51. Kd4 Ke7 1/2-1/2

[Event "Oberliga Nord W 9394"]
[Site "Germany"]
[Date "1994.05.08"]
[Round "8.1"]
[White "Weber, Siegfried"]
[Black "Blecken, Volker"]
[Result "0-1"]
[WhiteElo "2290"]
[BlackElo "2215"]
[PlyCount "54"]
[EventDate "1993.10.??"]
[EventType "team"]
[EventRounds "9"]
[EventCountry "GER"]
[SourceTitle "EXT 2003"]
[Source "ChessBase"]
[SourceDate "2002.11.25"]
[SourceVersion "1"]
[SourceVersionDate "2002.11.25"]
[SourceQuality "1"]
[WhiteTeam "Gifhorn"]
[BlackTeam "Buxtehude"]
[WhiteTeamCountry "GER"]
[BlackTeamCountry "GER"]

1. e4 c6 2. d3 d5 3. Nd2 Nf6 4. Ngf3 Bg4 5. h3 Bxf3 6. Qxf3 Nbd7 7. Qe2 Qc7 8. g3 dxe4 9. dxe4 e5 10. Bg2 Be7 11. 0-0 0-0 12. a4 Rad8 13. Nc4 Nc5 14. Bd2 Ne6 15. c3 Nc5 16. Ra2 b6 17. b4 Ne6 18. f4 exf4 19. gxf4 b5 20. axb5 cxb5 21. Na3 a6 22. f5 Rxd2 23. Rxd2 Nf4 24. Qe3 N6h5 25. Rfd1 Bg5 26. Rd7 Qe5 27. Qd4 Ne2+ 0-1